<?xml version="1.0" encoding="UTF-8"?>
<record
    xmlns:xsi="http://www.w3.org/2001/XMLSchema-instance"
    xsi:schemaLocation="http://www.loc.gov/MARC21/slim http://www.loc.gov/standards/marcxml/schema/MARC21slim.xsd"
    xmlns="http://www.loc.gov/MARC21/slim">

  <leader>01279nab a2200337 uc4500</leader>
  <controlfield tag="001">736500</controlfield>
  <controlfield tag="005">20240606090146.0</controlfield>
  <controlfield tag="008">020514s1998                        spa  </controlfield>
  <datafield tag="035" ind1=" " ind2=" ">
    <subfield code="a">736500</subfield>
  </datafield>
  <datafield tag="035" ind1=" " ind2=" ">
    <subfield code="a">(OCoLC)819944204</subfield>
  </datafield>
  <datafield tag="040" ind1=" " ind2=" ">
    <subfield code="c">comduadb</subfield>
  </datafield>
  <datafield tag="041" ind1=" " ind2=" ">
    <subfield code="a">spa</subfield>
  </datafield>
  <datafield tag="100" ind1="1" ind2="0">
    <subfield code="a">Roca Vila, Octavi</subfield>
    <subfield code="4">aut</subfield>
    <subfield code="e">aut</subfield>
    <subfield code="9">531868</subfield>
  </datafield>
  <datafield tag="245" ind1="1" ind2="3">
    <subfield code="a">La autoformacion y la formacion a distancia : las tecnologias de la educacion en los procesos de aprendizaje</subfield>
  </datafield>
  <datafield tag="650" ind1=" " ind2=" ">
    <subfield code="a">Educaci&#xF3;n a distancia</subfield>
    <subfield code="9">43195</subfield>
  </datafield>
  <datafield tag="650" ind1=" " ind2=" ">
    <subfield code="a">Autoformaci&#xF3;n</subfield>
    <subfield code="9">64518</subfield>
  </datafield>
  <datafield tag="650" ind1=" " ind2="7">
    <subfield code="a">Autoaprendizaje</subfield>
    <subfield code="2">embne</subfield>
    <subfield code="9">37276</subfield>
  </datafield>
  <datafield tag="650" ind1=" " ind2=" ">
    <subfield code="a">Procesos educativos</subfield>
    <subfield code="9">54143</subfield>
  </datafield>
  <datafield tag="650" ind1=" " ind2="7">
    <subfield code="a">Aprendizaje</subfield>
    <subfield code="2">lemb</subfield>
    <subfield code="9">43900</subfield>
  </datafield>
  <datafield tag="650" ind1=" " ind2=" ">
    <subfield code="a">Asesoramiento curricular</subfield>
    <subfield code="9">22387</subfield>
  </datafield>
  <datafield tag="650" ind1=" " ind2=" ">
    <subfield code="a">Recursos educativos</subfield>
    <subfield code="9">18874</subfield>
  </datafield>
  <datafield tag="650" ind1=" " ind2=" ">
    <subfield code="a">Multimedia interactiva</subfield>
    <subfield code="9">32557</subfield>
  </datafield>
  <datafield tag="650" ind1=" " ind2=" ">
    <subfield code="a">Aprendizaje autodirigido</subfield>
    <subfield code="9">64520</subfield>
  </datafield>
  <datafield tag="650" ind1=" " ind2=" ">
    <subfield code="a">Innovaciones tecnol&#xF3;gicas en educaci&#xF3;n</subfield>
    <subfield code="9">107003</subfield>
  </datafield>
  <datafield tag="650" ind1=" " ind2=" ">
    <subfield code="a">Formacion del personal de la educacion</subfield>
    <subfield code="9">90281</subfield>
  </datafield>
  <datafield tag="650" ind1=" " ind2=" ">
    <subfield code="a">Inform&#xE1;tica educativa</subfield>
    <subfield code="9">70994</subfield>
  </datafield>
  <datafield tag="650" ind1=" " ind2="7">
    <subfield code="a">Relaciones maestro-estudiante</subfield>
    <subfield code="2">armarc</subfield>
    <subfield code="9">221712</subfield>
  </datafield>
  <datafield tag="650" ind1=" " ind2="7">
    <subfield code="a">Tecnolog&#xED;a educativa</subfield>
    <subfield code="2">embne</subfield>
    <subfield code="9">49590</subfield>
  </datafield>
  <datafield tag="773" ind1="0" ind2=" ">
    <subfield code="t">Tecnolog&#xED;a y Comunicaci&#xF3;n Educativas (M&#xE9;xico)</subfield>
    <subfield code="g">Vol. 12, No. 27, Ene.-Jun. 1998, p. 29-43</subfield>
    <subfield code="w">734410</subfield>
    <subfield code="x">0187-0785</subfield>
    <subfield code="0">246457</subfield>
  </datafield>
  <datafield tag="942" ind1=" " ind2=" ">
    <subfield code="c">ARIMP</subfield>
  </datafield>
  <datafield tag="999" ind1=" " ind2=" ">
    <subfield code="c">242593</subfield>
    <subfield code="d">242593</subfield>
  </datafield>
</record>
